| 000 | 00366nam a2200157Ia 4500 | ||
|---|---|---|---|
| 008 | 221111s9999 xx 000 0 und d | ||
| 020 | _a9783662618172 | ||
| 082 | _bBEC | ||
| 100 | _aBECKERS DOMINIEK | ||
| 245 | 0 | _aPNF IN PRACTICE AN ILLUSTRATED GUIDE | |
| 250 | _a5TH | ||
| 260 |
_bSPRINGER _c2021 |
||
| 300 | _a343 | ||
| 650 | _aNeuromuscular | ||
| 942 | _cBK | ||
| 999 |
_c209654 _d209654 |
||